000 01506nam a2200217Ia 4500
003 Ost
005 20260416102401.0
008 260416s9999||||xx |||||||||||||| ||und||
040 _cfsecg
041 _aara
082 _a330
100 _aلونيس، نادية
_eمؤلف
245 0 _aمحاضرات في مقياس مدخل للإقتصاد /
_c نادية لونيس
260 _aالجزائر
_bجامعة الجزائر3: كلية العلوم الإقتصادية، العلوم التجارية وعلوم التسيير
_c2023
300 _a110 ورقة
_bايضاحات
_c12 سم
504 _aالمراجع ص.102
520 _aمدخل مفاهيمي لعلم الاقتصاد،المشكلة الاقتصادية والنظم الاقتصادية المعاصرة،النشاط الاقتصادي والعمليات الاقتصادية: الإنتاج، والتوزيع،الاستهلاك،الادخار والاستثمار،المؤسسة الاقتصادية والأسوا الاقتصادية،النقود،السياسات الاقتصادية: السياسة المالية والسياسة النقدية، التضخم و البطالة ، المؤسسات الاقتصادية الدولية: صندو النقد الدولي، والبنك الدولي.
653 _aالاقتصاد
710 _aجامعة الجزائر3: كلية العلوم الإقتصادية، العلوم التجارية وعلوم التسيير
_eناشر علمي
942 _cHANDOUT
999 _c41407
_d41407